| Tag |
First Indicator |
Second Indicator |
Subfields |
| LEADER |
00000cam a22000001a 4500 |
| 001 |
in00002168321 |
| 006 |
m e d # |
| 007 |
cr mn mmmmabba |
| 008 |
870303s1790 nyuf s 000 0 eng d |
| 005 |
20260330213339.6 |
| 035 |
|
|
|z w018201
|
| 035 |
|
|
|a MAAR8703031305B
|
| 035 |
|
|
|9 mwa91-14249
|
| 035 |
|
|
|a 338971
|
| 035 |
|
|
|a aas03018201
|
| 040 |
|
|
|a MWA
|c MWA
|e bdrb
|d UtOrBLW
|
| 110 |
2 |
|
|a Joyce and Snowdon.
|
| 245 |
1 |
0 |
|a Joyce and Snowdon's American ink powder for records :
|b equal to American imported, or offered for sale in the thirteen United States. Sold by most stationer's, bookseller's, ironmonger's &c in New York, and in other principal cities and towns in America.
|
| 264 |
|
1 |
|a [New York] :
|b [publisher not identified],
|c [1790?]
|
| 300 |
|
|
|a 1 sheet (1 unnumbered page)
|
| 336 |
|
|
|a text
|b txt
|2 rdacontent
|
| 337 |
|
|
|a computer
|b c
|2 rdamedia
|
| 338 |
|
|
|a online resource
|b cr
|2 rdacarrier
|
| 500 |
|
|
|a Engraved printed wrapper, intended to contain the ink powder.
|
| 500 |
|
|
|a Signed: [William] Rollinson sculpt, N.Y.
|
| 500 |
|
|
|a The New-York Historical Society copy has an explanatory inscription, signed by John Pintard and dated New York, May 25, 1790.
|
| 510 |
4 |
|
|a Evans
|c 22594
|
| 530 |
|
|
|a Microform version available in the Readex Early American Imprints series.
|
| 533 |
|
|
|a Electronic text and image data.
|b [Chester, Vt. :
|c Readex, a division of Newsbank, Inc.,
|d 2002-2004.
|e Includes files in TIFF, GIF and PDF formats with inclusion of keyword searchable text.
|f (Early American imprints. First series ; no. 22594).
|
| 500 |
|
|
|a Electronic resource.
|
| 650 |
|
0 |
|a Ink.
|
| 655 |
|
7 |
|a Broadsides.
|2 rbgenr
|
| 700 |
1 |
|
|a Rollinson, William,
|d 1762-1842,
|e engraver.
|
| 752 |
|
|
|a United States
|b New York
|d New York.
|
| 830 |
|
0 |
|a Early American imprints.
|n Series I,
|p Evans (1639-1800) ;
|v no. 22594.
|
| 856 |
4 |
1 |
|u http://proxy.library.tamu.edu/login?url=https://opac.newsbank.com/select/evans/22594
|y Evans Digital Edition
|t 0
|
| 999 |
|
|
|a MARS
|
| 999 |
f |
f |
|s c73e921a-a5df-3dfe-b81b-fba93ddc0869
|i 2bbdf1cb-ed6d-3708-8e41-d691d17b713f
|t 0
|
| 952 |
f |
f |
|a Texas A&M University
|b College Station
|c Electronic Resources
|s www_evans
|d Available Online
|t 0
|h No information provided
|
| 998 |
f |
f |
|t 0
|l Available Online
|